| 000 | 00518nam a2200169Ia 4500 | ||
|---|---|---|---|
| 999 |
_c12885 _d12885 |
||
| 003 | OSt | ||
| 005 | 20201005130304.0 | ||
| 008 | 190216s9999||||xx |||||||||||||| ||und|| | ||
| 040 | _coclc | ||
| 082 |
_a820.9 _bMUN/I |
||
| 100 |
_aMundra, S C _95045 |
||
| 245 | 3 |
_aAn Introduction To The Study Of English Literature / _cS C Mundra ; S C Agarwal |
|
| 260 |
_bS Chand & Co, _c1977. _aNew delhi : |
||
| 300 | _a264p | ||
| 650 | _aEnglish Literature | ||
| 942 |
_cBK _2ddc _h820.9 _iMUN/I _k820.9 _mMUN/I |
||